000 00724nam a22002055i 4500
001 170287
003 ES-MaACL
005 20250718081357.0
008 090220q1900 fr 000 d fre d
080 _a782.1
100 1 _aBarbier, Jules.
_925457
245 1 0 _aRoméo et Juliette :
_bopéra en cinq actes /
_c: paroles de Jules Barbier et Michel Carré ; musique de Charles Gounod.
260 _aParis :
_bLibrairie Théatrale,
_c[ca. 1900]
300 _a67 p. ;
_c19 cm.
650 4 _aÓperas-
_vLibretos.
_9137584
700 1 _aCarré, Michel.
_9138040
700 1 _aGounod, Charles,
_d1818-1893
_9240526
852 4 _aES-MaACL
_j2248-F-17
_z- Biblioteca Jacinto Martínez Lacalle
999 _c170287
_d170287